The Christian life, from its beginning, to its consummation in glory; together with the several means and instruments of Christianity conducing thereto : With directions for private devotion, and forms of prayer fitted to the several states of Christians. By John Scott, D.D. rector of St. Giles's in the Fields, London. In five volumes.

Bibliographic Details
Main Author: Scott, John, 1639-1695
Corporate Author: Gale (Firm)
Format: eBook
Language:English
Published: London : Printed for J. Knapton, C. Hitch and L. Hawes, J. Hodges, C. Bathurst, J. Beecroft, J. Rivington, J. Rivington and J. Fletcher, J. Ward, W. Johnston, T. Longman, and C. Ware, 1757.
Edition:The twelfth edition, corrected.
Subjects:
Online Access:Connect to the full text of this electronic book

MARC

Tag First Indicator Second Indicator Subfields
LEADER 00000cam a2200000 4500
001 in00003817613
005 20190415185639.0
006 m o d
007 cr |n||||||||n
008 890330s1757 enk|||| o 00||||eng c
035 |a (CU-RivES)T190356 
035 |a (Uk-ES)006285027 
035 |a (OCoLC)509481505 
040 |a Uk-ES  |c Uk-ES  |d CU-RivES  |d CStRLIN  |d CU-RivES  |d Cengage Gale  |d UtOrBLW 
100 1 |a Scott, John,  |d 1639-1695.  |0 http://id.loc.gov/authorities/names/n82101234 
245 1 4 |a The Christian life, from its beginning, to its consummation in glory; together with the several means and instruments of Christianity conducing thereto :  |b With directions for private devotion, and forms of prayer fitted to the several states of Christians. By John Scott, D.D. rector of St. Giles's in the Fields, London. In five volumes. 
250 |a The twelfth edition, corrected. 
264 1 |a London :  |b Printed for J. Knapton, C. Hitch and L. Hawes, J. Hodges, C. Bathurst, J. Beecroft, J. Rivington, J. Rivington and J. Fletcher, J. Ward, W. Johnston, T. Longman, and C. Ware,  |c 1757. 
300 |a 1 online resource (5 volumes,,plate)  
336 |a text  |b txt  |2 rdacontent 
337 |a computer  |b c  |2 rdamedia 
338 |a online resource  |b cr  |2 rdacarrier 
509 |a Frontis = plate 
510 4 |a English Short Title Catalog,  |c T190356. 
500 |a Reproduction of original from Bodleian Library (Oxford). 
500 |a Electronic resource. 
650 0 |a Christian life  |v Early works to 1800.  |0 http://id.loc.gov/authorities/subjects/sh93009678 
655 7 |a Electronic books.  |2 local 
710 2 |a Gale (Firm)  |0 http://id.loc.gov/authorities/names/no2008071348 
752 |a Great Britain  |b England  |d London. 
856 4 0 |u http://proxy.library.tamu.edu/login?url=http://find.galegroup.com/ecco/infomark.do?contentSet=ECCOArticles&docType=ECCOArticles&bookId=1625000101&type=getFullCitation&tabID=T001&prodId=ECCO&docLevel=TEXT_GRAPHICS&version=1.0&source=library&userGroupName=txshracd2898  |z Connect to the full text of this electronic book  |t 0 
999 f f |s bf54e000-d89c-3354-a46d-840b6634d4b1  |i 2a4e285a-4882-3b16-ba39-1494e9811485  |t 0 
952 f f |a Texas A&M University  |b College Station  |c Electronic Resources  |d Available Online  |t 0  |h No information provided 
998 f f |t 0  |l Available Online